000 01087nam a2200325 i 4500
001 768714001
003 CO-MdFUSB
005 20240209150545.0
007 ta
008 230622t1992 -sp||||| |||| 00| | spa d
020 _a8476455984
040 _aCO-MdFUSB
_bspa
_cCO-MdFUSB
_dCO-MdFUSBC
_erda
041 _aspa
082 _223
_a248.4
_bB855e
100 _aBright, Bill
_eautor
245 1 _aEn la medida que siembres
_b: la aventura de dar el diezmo al señor
_c/ Bill Bright
264 1 _aBarcelona, España :
_bClie,
_c[1992]
264 4 _c© 1992
300 _a215 páginas
_c; 21 cm
336 _2rdacontent
_atexto
_btxt
337 _2rdamedia
_asin mediación
_bn
338 _2rdacarrier
_avolumen
_bnc
505 _aLlamados a la mayordomía -- Claves para recibir las abundantes bendiciones de Dios -- El plan de Dios para ofrendar de forma sistemática -- Pasos hacia la libertad financiera
563 _arustico
650 0 _919
_aVida cristiana
650 0 _aPentecostalismo
_9142
650 0 _aFinanzas de la Iglesia
_91119
942 _cBK
945 _aMag1104
999 _c68969
_d68969